000
00313nam a22001337a 4500
020
_q
HB.
040
_c
FIZZA ISHAQ
082
_a
343.4107
_b
JER
100
_a
HACKETT, JERERY.
_9
86701
245
_a
CONSTRUCTION CLAIMS /
_c
JERERY HACKETT.
260
_b
ROUTLEDGE,
_c
2000.
300
_a
313 P. ;
942
_2
ddc
_c
BK
999
_c
587408
_d
587408